| 000 | 00501nam a2200193Ia 4500 | ||
|---|---|---|---|
| 005 | 20230527101217.0 | ||
| 008 | 131103s9999 xx 000 0 und d | ||
| 040 | _aLoreto College | ||
| 041 | _aEnglish | ||
| 082 |
_a824.8 _bMAC |
||
| 245 |
_aEssays and Lays of Ancient Rome _cEdited by Lord Macaulay |
||
| 260 |
_alondon _bCassell & Co. Ltd. |
||
| 300 | _a542p. | ||
| 650 | _aEnglish essays | ||
| 651 | _aEnglish literature | ||
| 700 | _aMacaulay, Lord; ed. | ||
| 850 | _aLCLIB | ||
| 942 | _cBK | ||
| 999 |
_c22496 _d72975 |
||